South Eastern Kenya University

Library Online Public Access Catalogue


The little cold book : (Record no. 5326)

MARC details
000 -LEADER
fixed length control field 00571cam a22001694a 4500
020 ## - ISBN
International Standard Book Number 1931686777
050 00 - LIBRARY OF CONGRESS CALL NUMBER
Classification Number RF 361
Item Number .S67 2005
100 1# - MAIN ENTRY--Author
Personal name Spring, Justin.
245 14 - TITLE
Title The little cold book :
Remainder of title advice, remedies, & bedside amusements /
Statement of responsibility, etc by Justin Spring.
260 ## - PUBLICATION, DISTRIBUTION, ETC.(IMPRINT)
Place of publication, distribution, etc Philadelphia, Pa. :
Name of publisher, distributor, etc Quirk,
Date of publication, distribution, etc c2005.
300 ## - PHYSICAL DESCRIPTION
Extent 128 p. :
500 ## - GENERALNOTE
General note Includes index.
650 #0 - SUBJECT--TOPIC
Form subdivision Popular works.
856 42 - URL/ELECTRONIC LOCATION AND ACCESS
Uniform Resource Identifier <a href="http://www.loc.gov/catdir/enhancements/fy0722/2004104499-d.html">http://www.loc.gov/catdir/enhancements/fy0722/2004104499-d.html</a>
856 42 - URL/ELECTRONIC LOCATION AND ACCESS
Uniform Resource Identifier <a href="http://www.loc.gov/catdir/enhancements/fy0732/2004104499-b.html">http://www.loc.gov/catdir/enhancements/fy0732/2004104499-b.html</a>
942 ## - ADDED ENTRY ELEMENTS(KOHA)
Source of classification or shelving scheme Library of Congress Classification
Koha item type General circulation
Holdings
Source of classification or shelving scheme Not for loan Location (home branch) Sublocation (holding branch) Shelving location Date accessioned Full call number Barcode Nonpublic note Koha item type
Library of Congress Classification   Main Campus Library Main Campus Library   06/07/2015 RF 361 .S67 2005 2015/001194 jm General circulation
Kitui, Kenya.
+254736116989
library@seku.ac.ke